| 000 | 00632 a2200217 4500 | ||
|---|---|---|---|
| 001 | 41321 | ||
| 005 | 20260407155707.0 | ||
| 008 | 260407a1981 arg spa d | ||
| 003 | AR-UNSa-BCEJYS | ||
| 040 |
_aAR-UNSa-BCEJYS _bspa _cAR-UNSa-BCEJYS |
||
| 080 |
_a347.249(094.4) _xCódigo de Minería |
||
| 245 | 1 | 0 | _aCódigo de minería y legislación de hidrocarburos |
| 250 | _a3a. ed. | ||
| 264 | 1 |
_aBuenos Aires : _bAbeledo Perrot _c1981 |
|
| 300 |
_a727 p. _c24 cm. |
||
| 041 | _aspa | ||
| 942 | _cBK | ||
| 590 | _aniveau_biblio:m niveau_hierar:0 | ||
| 100 | 1 | _aPigretti, Eduardo A. | |
| 700 | 1 | _aArgentina [Código de Minería] | |
| 999 |
_c3464 _d3464 |
||